Films par image - Statistiques

Statistiques générales
  • Ce quiz a été pris 254 fois
  • Le résultat moyen est 8 sur 16
Statistiques - réponses
Par images Réponse % Correct
Harry Potter
97%
Jurassic Park
92%
Wonder woman
87%
Le fabuleux destin d'Amélie Poulain
85%
Mad max
77%
Le voyage de Chihiro
66%
Titanic
56%
Orgueil et préjugés
47%
12 hommes en colère
44%
Rogue One
38%
12 years a slave
31%
Thelma et Louise
29%
Persepolis
28%
Les 400 coups
22%
Un air de famille
9%
Une séparation
4%
Aucun quiz correspondant
Distribution des résultats
% des personnes avec chaque résultat
Percentile par nombre de réponses
Votre historique - résultats
Vous n’avez pas pris ce quiz